Using entertainment-education for distance education / (Record no. 137576)
[ view plain ]
| 000 -LEADER | |
|---|---|
| fixed length control field | 00787nam a22002297a 4500 |
| 005 - DATE AND TIME OF LATEST TRANSACTION | |
| control field | 20170213171051.0 |
| 010 ## - LCCN (DPL NO) | |
| LC control number | ENG-117234 |
| 020 ## - INTERNATIONAL STANDARD BOOK NUMBER | |
| International Standard Book Number | 9789351507598 |
| Terms of availability | 850.00 |
| 035 ## - SYSTEM CONTROL NUMBER | |
| System control number | EN-100766 |
| 037 ## - SOURCE OF ACQUISITION | |
| Source of stock number/acquisition | DBAD/PUB |
| 082 00 - DEWEY DECIMAL CLASSIFICATION NUMBER | |
| Classification number | 361.20715 |
| 100 1# - MAIN ENTRY--PERSONAL NAME | |
| Personal name | Prentis, Paula |
| 245 10 - TITLE STATEMENT | |
| Title | Using entertainment-education for distance education / |
| Statement of responsibility, etc | by Esta de Fossard [and] Michael Baily |
| 250 ## - EDITION STATEMENT | |
| Edition statement | 2nd ed. |
| 260 ## - PUBLICATION, DISTRIBUTION, ETC. (IMPRINT) | |
| Place of publication, distribution, etc | New Delhi |
| Name of publisher, distributor, etc | SAGE Publications, |
| Date of publication, distribution, etc | 2017 |
| 270 ## - ADDRESS | |
| Address | B1/I-1 Mohan Cooperative Industrial Area, Mathura Road |
| City | New Delhi |
| Postal code | 110044 |
| 300 ## - PHYSICAL DESCRIPTION | |
| Extent | ix,291p. : |
| Dimensions | 28 cm.(pbk) |
| Other physical details | ill (map) |
| 504 ## - BIBLIOGRAPHY, ETC. NOTE | |
| Bibliography, etc | Includes references and index. |
| 505 ## - FORMATTED CONTENTS NOTE | |
| Formatted contents note | Communication for behavior change vol-3 |
| 700 ## - ADDED ENTRY--PERSONAL NAME | |
| Personal name | Baily,Michael |
| 942 ## - ADDED ENTRY ELEMENTS (KOHA) | |
| Source of classification or shelving scheme | Dewey Decimal Classification |
| Item type | English Books |
| Classification part | 361.20715 |
| Call number suffix | FOS |
| Withdrawn status | Lost status | Not for loan | Collection code | Home library | Current library | Date acquired | Source of acquisition | Cost, normal purchase price | Full call number | Barcode | Copy number | Cost, replacement price | Koha item type |
|---|---|---|---|---|---|---|---|---|---|---|---|---|---|
| Not For Loan | Non-fiction | D.B.Act.Division | D.B.Act.Division | 13/02/2017 | DBAD/PUB | 850.00 | 361.20715 FOS | EN-100766 | 1 | 850.00 | English Books |
